| 000 | 00000nas 2200000za 4500 |
| 001 | 9.500551 |
| 003 | CaOODSP |
| 005 | 20221107132902 |
| 007 | cr ||||||||||| |
| 008 | 150406c19969999xxc|| p o||||f| |0eng|d |
| 022 | |a1493-9576 |
| 040 | |aCaOODSP|beng |
| 041 | 0 |aeng|afre |
| 043 | |an-cn--- |
| 086 | 1 |aYC27-PDF |
| 110 | 1 |aCanada. |bParliament. |bSenate. |bStanding Committee on Agriculture and Forestry. |
| 222 | 0|aProceedings of the Standing Senate Committee on Agriculture and Forestry |b(Online) |
| 240 | 10|aProceedings of the Standing Senate Committee on Agriculture and Forestry (Online) |
| 245 | 10|aProceedings of the Standing Senate Committee on Agriculture and Forestry |h[electronic resource] = |bDélibérations du Comité sénatorial permanent de l'agriculture et des forêts. |
| 246 | 11|aDélibérations du Comité sénatorial permanent de l'agriculture et des forêts. |
| 260 | |a[Ottawa] : |bthe Senate, |c1996- |
| 310 | |aIrregular |
| 362 | 1 |a35th Parliament, [2nd session], issue no. 1 (Mar. 21/Apr. 25, 1996)-- |
| 500 | |aNumbering begins each session with issue no. 1. |
| 546 | |aText in English and French. |
| 792 | |tProceedings of the Standing Senate Committee on Agriculture and Forestry |efre|w(CaOODSP)9.500552 |